| 000 | 00609cab a2200205 4500 | ||
|---|---|---|---|
| 001 | ABS45979 | ||
| 008 | 090401t1992 xxu||||| |||| 00| 0 eng d | ||
| 035 | _a(Sirsi) u56162 | ||
| 041 | _aeng | ||
| 100 | _aCourt, Y. | ||
| 245 | _aCommissioning research | ||
| 260 | _c1992 | ||
| 350 | _a0 | ||
| 490 |
_aEstates Gazette _v(9206) 15 February 1992, 141-156(2) |
||
| 520 | _aPresents guidelines to assist in the commissioning of research by property companies and surveyors. | ||
| 690 | _aMANAGEMENT-BUSINESS MANAGEMENT-PROFESSIONAL PRACTICE | ||
| 700 | _aRydin, Y. | ||
| 942 | _n0 | ||
| 948 | _c04/03/1997 | ||
| 999 |
_c34261 _d34261 |
||